书目信息 |
| 题名: |
网络法
|
|
| 作者: | 李艳 主编 | |
| 分册: | ||
| 出版信息: | 北京 中国政法大学出版社 2017.01 |
|
| 页数: | 338页 | |
| 开本: | 23cm | |
| 丛书名: | ||
| 单 册: | ||
| 中图分类: | D922.171 | |
| 科图分类: | ||
| 主题词: | 计算机网络--科学技术管理法规--中国--高等学校--教材 | |
| 电子资源: | ||
| ISBN: | 978-7-5620-7286-7 | |
| 000 | 00994nam0 2200265 450 | |
| 001 | 0120172121650 | |
| 005 | 20170911092742.40 | |
| 010 | @a978-7-5620-7286-7@dCNY49.00 | |
| 100 | @a20170221d2017 em y0chiy50 ea | |
| 101 | 0 | @achi |
| 102 | @aCN@b110000 | |
| 105 | @ay z 000yy | |
| 106 | @ar | |
| 200 | 1 | @a网络法@9wang luo fa@f李艳主编 |
| 205 | @a2版 | |
| 210 | @a北京@c中国政法大学出版社@d2017.01 | |
| 215 | @a338页@c@d23cm | |
| 300 | @a高等政法院校法学系列教材 | |
| 330 | @a本教材主要分为网络法导论、网络环境中的知识产权、电子商务和其他网络法律问题四编内容,涉及网络环境中的知识产权、电子合同、电子签名与认证、电子商务中的消费者权益保护等方面的内容,每章还设有教学目的与要求、思考题、案例和背景知识等内容。 | |
| 333 | @a本书可作为高等政法院校法学专业网络法相关的学习教材 | |
| 606 | 0 | @a计算机网络@x科学技术管理法规@y中国@x高等学校@j教材 |
| 690 | @aD922.171@v5 | |
| 701 | 0 | @a李艳@9li yan@4主编 |
| 801 | 0 | @aCN@b人天书店@c20170221 |
| 905 | @b1072704-09@dD922.171@e1610=2@f6 | |
| 网络法/李艳主编.-2版.-北京:中国政法大学出版社,2017.01 |
| 338页;23cm |
| 高等政法院校法学系列教材.-使用对象:本书可作为高等政法院校法学专业网络法相关的学习教材 |
| ISBN 978-7-5620-7286-7:CNY49.00 |
| 本教材主要分为网络法导论、网络环境中的知识产权、电子商务和其他网络法律问题四编内容,涉及网络环境中的知识产权、电子合同、电子签名与认证、电子商务中的消费者权益保护等方面的内容,每章还设有教学目的与要求、思考题、案例和背景知识等内容。 |
| ● |
| 相关链接 |
|
|
|
|
正题名:网络法
索取号:D922.171/1610=2
 
预约/预借
| 序号 | 登录号 | 条形码 | 馆藏地/架位号 | 状态 | 备注 |
| 1 | 1072704 | 210727043 | 第一样本阅览室/ [索取号:D922.171/1610=2] | 在馆 | |
| 2 | 1072705 | 210727052 | 第一借阅区/ [索取号:D922.171/1610=2] | 在馆 | |
| 3 | 1072706 | 210727061 | 第一借阅区/ [索取号:D922.171/1610=2] | 在馆 | |
| 4 | 1072707 | 210727070 | 第一借阅区/ [索取号:D922.171/1610=2] | 在馆 | |
| 5 | 1072708 | 210727089 | 第一借阅区/ [索取号:D922.171/1610=2] | 在馆 | |
| 6 | 1072709 | 210727098 | 史法系资料室/ [索取号:D922.171/1610=2] | 在馆 |